34 Biggest cities in France (+300 000 inhabitants) - Statistics

General Stats
  • This quiz has been taken 195 times
  • The average score is 23 of 34
Answer Stats
Rank Population Answer Region % Correct
1 12 628 266 Paris Île-de-France
100%
2 2 323 221 Lyon Auvergne-Rhône-Alpes
98%
3 1 760 653 Marseille - Aix-en-Provence Provence-Alpes-Côte d'Azur
98%
7 1 006 201 Nice Provence-Alpes-Côte d'Azur
98%
5 1 247 977 Bordeaux Nouvelle-Aquitaine
95%
6 1 191 117 Lille (French part) Hauts-de-France
93%
4 1 360 829 Toulouse Occitanie
93%
8 972 828 Nantes Pays de la Loire
91%
9 790 027 Strasbourg (French part) Grand Est
91%
10 733 320 Rennes Brittany
82%
11 689 840 Grenoble Auvergne-Rhône-Alpes
80%
14 616 296 Montpellier Occitanie
80%
25 387 382 Dijon Bourgogne-Franche-Comté
78%
32 321 364 Brest Brittany
76%
18 495 379 Tours Centre-Val de Loire
71%
12 666 035 Rouen Normandy
69%
13 629 334 Toulon Provence-Alpes-Côte d'Azur
68%
21 435 279 Nancy Grand Est
67%
20 439 343 Orléans Centre-Val de Loire
67%
24 390 600 Metz Grand Est
66%
31 323 022 Reims Grand Est
66%
17 520 640 Saint-Étienne Auvergne-Rhône-Alpes
66%
23 422 152 Caen Normandy
63%
16 530 267 Avignon Provence-Alpes-Côte d'Azur
62%
19 485 315 Clermont-Ferrand Auvergne-Rhône-Alpes
56%
28 347 626 Le Mans Pays de la Loire
56%
22 422 654 Angers Pays de la Loire
51%
30 323 388 Perpignan Occitanie
49%
15 539 666 Douai - Lens Hauts-de-France
44%
26 369 264 Valenciennes (French part) Hauts-de-France
30%
34 304 890 Bayonne (French part) Nouvelle-Aquitaine
23%
33 307 237 Pointe-à-Pitre - Les Abymes Guadeloupe
20%
29 325 696 Geneva - Annemasse (French part) Auvergne-Rhône-Alpes
17%
27 369 151 Béthune Hauts-de-France
15%
No matching quizzes found
Score Distribution
Percent of People with Each Score
Percentile by Number Answered
Your Score History
You have not taken this quiz